Bagres de la Amazonia colombiana : (Registro nro. 2235)

Detalles MARC
000 -CABECERA
Campo de control 01459nam a2200409 a 4500
005 - FECHA Y HORA DE LA ULTIMA TRANSACCION
Campo de control 20200104041530.0
008 - ELEMENTOS DE LONGITUD FIJA—INFORMACION GENERAL
Campo de control 140304s2000 ck a fr|||| 000 0 spa d
020 ## - ISBN
ISBN 9589687822
040 ## - FUENTE DE CATALOGACIÓN
Agencia catalogadora original CO-BoIAVH
Agencia transcriptora CO-BoIAVH
041 0# - IDIOMA
Código de idioma para texto/pista de sonido o título separado Español
044 ## - PAÍS DE PUBLICACIÓN
País de publicación Colombia
082 04 - NUMERO DE CLASIFICACION DECIMAL DEWEY
Número de clasificación 333.956492
Número del ítem A28b1
100 1# - ASIENTO PRINCIPAL--NOMBRE PERSONAL
Nombre personal Agudelo Córdoba, Edwin
9 (RLIN) 11439
245 ## - MENCION DE TITULO
Título Bagres de la Amazonia colombiana :
Parte restante del título un recurso sin fronteras
260 ## - PUBLICACION, DISTRIBUCION, ETC. (PIE DE IMPRENTA)
Lugar de publicación, distribución, etc. Bogotá :
Nombre del editor, distribuidor, etc. SINCHI,
Fecha de publicación, distribución, etc. 2000.
300 ## - DESCRIPCION FISICA
Extensión 253 páginas :
Otros detalles físicos Ilustraciones (algunas a color), mapas, gráficos, fotografias ;
Dimensiones 24 x 17 cm.
504 ## - NOTA DE BIBLIOGRAFIA, ETC.
Nota de bibliografía Incluye referencias bibliográficas páginas 225-248.
650 16 - ASIENTO SECUNDARIO DE MATERIA - TERMINO TEMATICO
Término temático o nombre geográfico como elemento de entrada Bagres
9 (RLIN) 6870
650 26 - ASIENTO SECUNDARIO DE MATERIA - TERMINO TEMATICO
Término temático o nombre geográfico como elemento de entrada Recursos hidrobiológicos
9 (RLIN) 2554
650 26 - ASIENTO SECUNDARIO DE MATERIA - TERMINO TEMATICO
Término temático o nombre geográfico como elemento de entrada Peces
9 (RLIN) 60001
650 26 - ASIENTO SECUNDARIO DE MATERIA - TERMINO TEMATICO
Término temático o nombre geográfico como elemento de entrada Pesca
9 (RLIN) 60002
650 26 - ASIENTO SECUNDARIO DE MATERIA - TERMINO TEMATICO
Término temático o nombre geográfico como elemento de entrada Biodiversidad
9 (RLIN) 92204
650 26 - ASIENTO SECUNDARIO DE MATERIA - TERMINO TEMATICO
Término temático o nombre geográfico como elemento de entrada Vedas y prohibiciones
9 (RLIN) 12983
650 26 - ASIENTO SECUNDARIO DE MATERIA - TERMINO TEMATICO
Término temático o nombre geográfico como elemento de entrada Amazonia
9 (RLIN) 135
662 ## - ASIENTO SECUNDARIO DE MATERIA - JERARQUIA DEL NOMBRE DE LUGAR(
País o entidad mayor Colombia
Jurisdicción política de primer orden Amazonas
700 1# - ASIENTO SECUNDARIO - NOMBRE PERSONAL
Nombre personal Núñez Avellaneda, Marcela
9 (RLIN) 15071
700 1# - ASIENTO SECUNDARIO - NOMBRE PERSONAL
Nombre personal Salinas Coy, Yolanda
9 (RLIN) 60005
700 1# - ASIENTO SECUNDARIO - NOMBRE PERSONAL
Nombre personal Sánchez Páez, Claudia Liliana
9 (RLIN) 15073
700 1# - ASIENTO SECUNDARIO - NOMBRE PERSONAL
Nombre personal Muñoz Sosa, Diego Luis
9 (RLIN) 15074
700 1# - ASIENTO SECUNDARIO - NOMBRE PERSONAL
Nombre personal Alonso González, Juan Carlos
9 (RLIN) 15075
700 1# - ASIENTO SECUNDARIO - NOMBRE PERSONAL
Nombre personal Arteaga Díaz, Martha Eddy
9 (RLIN) 15076
700 1# - ASIENTO SECUNDARIO - NOMBRE PERSONAL
Nombre personal Rodríguez Prieto, Oscar Julio
9 (RLIN) 15077
700 1# - ASIENTO SECUNDARIO - NOMBRE PERSONAL
Nombre personal Anzola Potes, Nestor Raúl
9 (RLIN) 15078
700 1# - ASIENTO SECUNDARIO - NOMBRE PERSONAL
Nombre personal Acosta Muñoz, Luis Eduardo
9 (RLIN) 1836
710 2# - ASIENTO SECUNDARIO - NOMBRE CORPORATIVO
Nombre corporativo o de jurisdicción como elemento de entrada Instituto Amazónico de Investigaciones Cientificas
9 (RLIN) 60006
942 ## - ELEMENTOS ADICIONALES (KOHA)
Tipo de ítem Libro
Sistema de clasificación Dewey Decimal Classification
Existencias
Withdrawn status Lost status Sistema de Clasificación Damaged status No para préstamo Colección Inventariado Ubicación Permanente Ubicación actual Fecha de adquisición Fuente de Valor Valor Total Checkouts Número topográfico Inventario / Código de Barras Date last seen Ejemplar Price effective from Forma de adquisición Tipo de material
    Dewey Decimal Classification     General Inventariado 2017 Bogotá Bogotá 26/04/2001 Instituto 30000.00   LB-333.956492 A28b1 002800 04/12/2012 Ej. 1 04/12/2012   Libro